|
|
|
|
| LEADER |
00000nam2a2200000 4500 |
| 001 |
317208 |
| 005 |
20231102002942.0 |
| 035 |
|
|
|a (RuTPU)RU\TPU\book\342676
|
| 090 |
|
|
|a 317208
|
| 100 |
|
|
|a 20160405d1981 km y0rusy50 ca
|
| 101 |
0 |
|
|a rus
|
| 102 |
|
|
|a RU
|
| 105 |
|
|
|a a z 001zy
|
| 200 |
0 |
|
|a Вып. 8
|f под ред. В. Л. Колмогорова
|
| 210 |
|
|
|d 1981
|
| 215 |
|
|
|a 152 с.
|c ил.
|
| 320 |
|
|
|a Библиогр. в конце ст.
|
| 461 |
|
1 |
|0 (RuTPU)RU\TPU\book\218490
|t Обработка металлов давлением
|o межвузовский сборник научных трудов
|f Уральский политехнический институт им. С. М. Кирова ; под ред. В. Л. Колмогорова
|v Вып. 8
|d 1973-1989
|
| 606 |
1 |
|
|a Металлообработка давлением
|2 stltpush
|3 (RuTPU)RU\TPU\subj\72676
|9 86085
|
| 610 |
1 |
|
|a краевые задачи
|
| 610 |
1 |
|
|a деформируемость
|
| 610 |
1 |
|
|a прокатка
|
| 610 |
1 |
|
|a волочение
|
| 610 |
1 |
|
|a прессование
|
| 610 |
1 |
|
|a ковка
|
| 610 |
1 |
|
|a штамповка
|
| 610 |
1 |
|
|a ротационная ковка
|
| 610 |
1 |
|
|a прогрессивные методы
|
| 610 |
1 |
|
|a гидродинамическое трение
|
| 610 |
1 |
|
|a пластическая сжимаемость
|
| 675 |
|
|
|a 621.73
|v 4
|
| 702 |
|
1 |
|a Колмогоров
|b В. Л.
|4 340
|
| 801 |
|
1 |
|a RU
|b 63413507
|c 20160405
|
| 801 |
|
2 |
|a RU
|b 63413507
|c 20200121
|g RCR
|
| 942 |
|
|
|c BK
|